<?xml version="1.0" encoding="UTF-8"?>
<marc:record xmlns:marc="http://www.loc.gov/MARC21/slim">
   <marc:leader>00000nam a2200000 a 4500</marc:leader>
   <marc:datafield ind1="1" ind2=" " tag="100">
      <marc:subfield code="a">Cooper, T</marc:subfield>
      <marc:subfield code="4">aut</marc:subfield>
      <marc:subfield code="e">Verfasser/-in</marc:subfield>
   </marc:datafield>
   <marc:datafield ind1=" " ind2=" " tag="653">
      <marc:subfield code="a">fantastisch</marc:subfield>
   </marc:datafield>
   <marc:datafield ind1=" " ind2=" " tag="653">
      <marc:subfield code="a">Gestaltwandler</marc:subfield>
   </marc:datafield>
   <marc:datafield ind1="0" ind2="0" tag="245">
      <marc:subfield code="a">Changers</marc:subfield>
   </marc:datafield>
   <marc:datafield ind1="0" ind2="0" tag="245">
      <marc:subfield code="b">Band 1, Drew</marc:subfield>
   </marc:datafield>
   <marc:datafield ind1=" " ind2="1" tag="264">
      <marc:subfield code="b">Franckh-Kosmos Verlags-GmbH  Co. KG</marc:subfield>
      <marc:subfield code="c">2015</marc:subfield>
   </marc:datafield>
   <marc:datafield ind1="1" ind2=" " tag="520">
      <marc:subfield code="a">Klappentext: Am ersten Highschooltag erwacht der 14-jährige Ethan plötzlich als junges blondes Mädchen. Seine Eltern erklären ihm, dass er ein 'Changer' ist. Wie sein Vater gehört er einer Gruppe von Menschen an, die sich während ihrer Schulzeit viermal in eine andere Person - Junge oder Mädchen - verwandeln, bevor sie eine feste Identität wählen. Seine erste Identität als 'Drew' ist für Ethan nicht leicht: Sie muss sich mit den Regeln der Changers vertraut machen, verliebt sich und muss für diese Liebe kämpfen. Was werden die Gegner der Changers unternehmen? Und ist die Organisation, die sie unterstützt, wirklich so gut? Die wichtigste Frage aber lautet: Wer wird 'Drew' am Ende sein?</marc:subfield>
   </marc:datafield>
   <marc:datafield ind1=" " ind2=" " tag="020">
      <marc:subfield code="a">9783440143629</marc:subfield>
      <marc:subfield code="9">9783440143629</marc:subfield>
   </marc:datafield>
</marc:record>
